| 000 | 01017cam a22002771 4500 | ||
|---|---|---|---|
| 001 | l 44000052 | ||
| 003 | DLC | ||
| 005 | 20260227111538.0 | ||
| 008 | 820715s1943 dcu 000 0 eng c | ||
| 010 | _al 44000052 | ||
| 035 | _a(OCoLC)8602417 | ||
| 040 |
_aU.S. Dept. of Labor Libr. _cNcD _dNcD _dDLC |
||
| 042 | _apremarc | ||
| 050 | 0 | 0 |
_aHD5724 _b.P48 |
| 082 | _a331.137973 | ||
| 100 | 1 |
_aPierson, John Herman Groesbeck, _d1906- |
|
| 245 | 1 | 0 |
_aEmployment after the war, _cby John H. G. Pierson, chief, Postwar Division, Bureau of Labor Statistics, U.S. Department of Labor. |
| 260 |
_a[Washington, _c1943] |
||
| 300 |
_a13 p. _c18 cm. |
||
| 500 | _a"Written at the request of the Postwar Planning Committee of the American Federation of Labor."--p. [2]. | ||
| 500 | _aCover title. | ||
| 650 | 0 |
_aUnemployed _zUnited States. |
|
| 651 | 0 |
_aUnited States _xEconomic policy. |
|
| 650 | 0 |
_aReconstruction (1939-1951) _zUnited States. |
|
| 710 | 2 |
_aAmerican Federation of Labor. _bPost War Planning Committee. |
|
| 999 |
_c36448 _d36448 |
||